<?xml version="1.0" encoding="UTF-8"?>
<collection xmlns="http://www.loc.gov/MARC21/slim">
 <record>
  <leader>02270cam a2200481  b4500</leader>
  <controlfield tag="001">1539201767</controlfield>
  <controlfield tag="003">DE-627</controlfield>
  <controlfield tag="005">20160624132005.0</controlfield>
  <controlfield tag="007">cr uuu---uuuuu</controlfield>
  <controlfield tag="008">160502r20161978xx |||||oo    00| ||ger c</controlfield>
  <datafield tag="024" ind1="7" ind2=" ">
   <subfield code="a">urn:nbn:de:bsz:16-artdok-39341</subfield>
   <subfield code="2">urn</subfield>
  </datafield>
  <datafield tag="035" ind1=" " ind2=" ">
   <subfield code="a">(DE-627)1539201767</subfield>
  </datafield>
  <datafield tag="035" ind1=" " ind2=" ">
   <subfield code="a">(DE-576)469201762</subfield>
  </datafield>
  <datafield tag="035" ind1=" " ind2=" ">
   <subfield code="a">(DE-599)BSZ469201762</subfield>
  </datafield>
  <datafield tag="035" ind1=" " ind2=" ">
   <subfield code="a">(OCoLC)951106927</subfield>
  </datafield>
  <datafield tag="040" ind1=" " ind2=" ">
   <subfield code="a">DE-627</subfield>
   <subfield code="b">ger</subfield>
   <subfield code="c">DE-627</subfield>
   <subfield code="e">rda</subfield>
  </datafield>
  <datafield tag="041" ind1=" " ind2=" ">
   <subfield code="a">ger</subfield>
  </datafield>
  <datafield tag="082" ind1="0" ind2="4">
   <subfield code="a">700</subfield>
  </datafield>
  <datafield tag="084" ind1=" " ind2=" ">
   <subfield code="a">9,10</subfield>
   <subfield code="2">ssgn</subfield>
  </datafield>
  <datafield tag="100" ind1="1" ind2=" ">
   <subfield code="a">Dittmann, Lorenz</subfield>
   <subfield code="d">1928-2018</subfield>
   <subfield code="e">VerfasserIn</subfield>
   <subfield code="0">(DE-588)119266008</subfield>
   <subfield code="0">(DE-627)080070361</subfield>
   <subfield code="0">(DE-576)160746531</subfield>
   <subfield code="4">aut</subfield>
  </datafield>
  <datafield tag="245" ind1="1" ind2="0">
   <subfield code="a">[Rezension von: Heidt, Renate: Erwin Panofsky - Kunsttheorie und Einzelwerk]</subfield>
   <subfield code="c">Lorenz Dittmann</subfield>
  </datafield>
  <datafield tag="264" ind1=" " ind2="1">
   <subfield code="a">Heidelberg</subfield>
   <subfield code="b">Universitätsbibliothek Heidelberg</subfield>
   <subfield code="c">2016</subfield>
  </datafield>
  <datafield tag="300" ind1=" " ind2=" ">
   <subfield code="a">1 Online-Ressource (7 Seiten)</subfield>
  </datafield>
  <datafield tag="336" ind1=" " ind2=" ">
   <subfield code="a">Text</subfield>
   <subfield code="b">txt</subfield>
   <subfield code="2">rdacontent</subfield>
  </datafield>
  <datafield tag="337" ind1=" " ind2=" ">
   <subfield code="a">Computermedien</subfield>
   <subfield code="b">c</subfield>
   <subfield code="2">rdamedia</subfield>
  </datafield>
  <datafield tag="338" ind1=" " ind2=" ">
   <subfield code="a">Online-Ressource</subfield>
   <subfield code="b">cr</subfield>
   <subfield code="2">rdacarrier</subfield>
  </datafield>
  <datafield tag="490" ind1="1" ind2=" ">
   <subfield code="a">Schriften von Lorenz Dittmann</subfield>
   <subfield code="v">23</subfield>
  </datafield>
  <datafield tag="500" ind1=" " ind2=" ">
   <subfield code="a">Aus: Zeitschrift für Ästhetik und allgemeine Kunstwissenschaft, 23 (1978), S. 242-248</subfield>
  </datafield>
  <datafield tag="534" ind1=" " ind2=" ">
   <subfield code="c">1978</subfield>
  </datafield>
  <datafield tag="655" ind1=" " ind2="7">
   <subfield code="a">Rezension</subfield>
   <subfield code="0">(DE-588)4049712-4</subfield>
   <subfield code="0">(DE-627)106186019</subfield>
   <subfield code="0">(DE-576)209083166</subfield>
   <subfield code="2">gnd-content</subfield>
  </datafield>
  <datafield tag="689" ind1="0" ind2="0">
   <subfield code="d">p</subfield>
   <subfield code="0">(DE-588)118591568</subfield>
   <subfield code="0">(DE-627)135320631</subfield>
   <subfield code="0">(DE-576)162477686</subfield>
   <subfield code="a">Panofsky, Erwin</subfield>
   <subfield code="d">1892-1968</subfield>
   <subfield code="2">gnd</subfield>
  </datafield>
  <datafield tag="689" ind1="0" ind2="1">
   <subfield code="d">s</subfield>
   <subfield code="0">(DE-588)4000626-8</subfield>
   <subfield code="0">(DE-627)106400541</subfield>
   <subfield code="0">(DE-576)208838821</subfield>
   <subfield code="a">Ästhetik</subfield>
   <subfield code="2">gnd</subfield>
  </datafield>
  <datafield tag="689" ind1="0" ind2=" ">
   <subfield code="5">(DE-627)</subfield>
  </datafield>
  <datafield tag="776" ind1="0" ind2="8">
   <subfield code="i">Elektronische Reproduktion von</subfield>
   <subfield code="a">Dittmann, Lorenz, 1928 - 2018</subfield>
   <subfield code="t">Heidt, Renate</subfield>
   <subfield code="d">1978</subfield>
   <subfield code="w">(DE-627)1470597772</subfield>
   <subfield code="w">(DE-576)400597772</subfield>
  </datafield>
  <datafield tag="787" ind1="0" ind2="8">
   <subfield code="i">Rezension von</subfield>
   <subfield code="a">Heidt Heller, Renate, 1944 - </subfield>
   <subfield code="t">Erwin Panofsky</subfield>
   <subfield code="d">Köln [u.a.] : Boehlau [in Komm.], 1977</subfield>
   <subfield code="h">VII, 368 S</subfield>
   <subfield code="w">(DE-627)023174757</subfield>
   <subfield code="w">(DE-576)006318789</subfield>
   <subfield code="z">3412053767</subfield>
  </datafield>
  <datafield tag="800" ind1="1" ind2=" ">
   <subfield code="a">Dittmann, Lorenz</subfield>
   <subfield code="d">1928-2018</subfield>
   <subfield code="t">Schriften von Lorenz Dittmann.</subfield>
   <subfield code="v">23</subfield>
   <subfield code="9">23</subfield>
   <subfield code="w">(DE-627)1538929716</subfield>
   <subfield code="w">(DE-576)468929711</subfield>
  </datafield>
  <datafield tag="856" ind1="4" ind2="0">
   <subfield code="u">http://nbn-resolving.de/urn:nbn:de:bsz:16-artdok-39341</subfield>
   <subfield code="q">application/pdf</subfield>
   <subfield code="x">Resolving-System</subfield>
   <subfield code="z">kostenfrei</subfield>
   <subfield code="3">Volltext</subfield>
  </datafield>
  <datafield tag="951" ind1=" " ind2=" ">
   <subfield code="a">MV</subfield>
  </datafield>
  <datafield tag="994" ind1=" " ind2=" ">
   <subfield code="u">http://archiv.ub.uni-heidelberg.de/artdok/3934/</subfield>
  </datafield>
  <datafield tag="990" ind1=" " ind2=" ">
   <subfield code="a">Panofsky, Erwin</subfield>
  </datafield>
  <datafield tag="990" ind1=" " ind2=" ">
   <subfield code="a">Ästhetik</subfield>
  </datafield>
  <datafield tag="991" ind1=" " ind2=" ">
   <subfield code="a">Rezension (Monographie, Zeitschrift, Aufsatz)</subfield>
  </datafield>
  <datafield tag="999" ind1=" " ind2=" ">
   <subfield code="a">KXP-PPN1539201767</subfield>
   <subfield code="e">4250167747</subfield>
  </datafield>
 </record>
</collection>
